Szczegóły MARC21

Obecność : szkice o literaturze Pomorza Zachodniego /

003 -Nazwa inst., której nr kontr. jest w polu 001 [,]
    • @
    • Nazwa instytucji, której n kontrolny jest w polu 001
    • NUKAT
005 -DATA I CZAS OSTATNIEJ MODYFIKACJI [,]
    • @
    • pole kontrolne
    • 20241231114019.0
020 -Międzynarod. znormalizowany nr książki - ISBN [ , ]
    • a
    • Numer ISBN
    • 8387879258 Find
040 -Instytucja sporządzająca opis [ , ]
    • a
    • Instytucja, która sporządziła opis (NP)
    • WR O/KK
    • c
    • Instytucja, która sporządziła rekord (NP)
    • WR O/KK
    • d
    • Instytucja, która zmodyfikowała rekord (P)
    • WR O/KKs
    • d
    • Instytucja, która zmodyfikowała rekord (P)
    • WR O/PC
    • d
    • Instytucja, która zmodyfikowała rekord (P)
    • SZCZ U/JS
942 -Rodzaj dokumentu [ , ]
    • c
    • Rodzaj dokumentu
    • Książka
100 -Hasło główne - nazwa osobowa [1, ]
    • a
    • Nazwa osobowa (NP)
    • Zwilnian Grabowski, Tadeusz
    • d
    • Daty biograficzne (NP)
    • (1926-2012).
    • 9
    • KHW
    • 68635
245 -Strefa tytułu i oznaczenia odpowiedzialności [1,0]
    • a
    • Tytuł
    • Obecność : Find
    • b
    • Ciąg dalszy tytułu (NP)
    • szkice o literaturze Pomorza Zachodniego / Find
    • c
    • Pozostałe elementy strefy tytułu i oznaczenia odpowiedzialności (NP)
    • Tadeusz Zwilnian Grabowski.
260 -Strefa adresu wydawniczego [ , ]
    • a
    • Miejsce wydania (P)
    • Szczecin :
    • b
    • Nazwa wydawcy (P)
    • Książnica Pomorska,
    • c
    • Data wydania (P)
    • 2001.
300 -Strefa opisu fizycznego [ , ]
    • a
    • Określenie formy książki i/lub objętość (NP)
    • 223 s. :
    • b
    • Oznaczenie ilustracji (NP)
    • portr. ;
    • c
    • Format (NP)
    • 21 cm.
336 -Typ zawartości [ , ]
    • a
    • Termin opisujący typ zawartości
    • Tekst
    • b
    • Kod określający zawartość
    • txt
    • 2
    • Źródło (terminu i kodu)
    • rdacontent
337 -Typ mediów [ , ]
    • a
    • Tryb odtwarzania
    • Bez urządzenia pośredniczącego
    • b
    • Kod typu mediów
    • n
    • 2
    • Źródło (terminu i kodu)
    • rdamedia
338 -Typ/rodzaj nośnika [ , ]
    • a
    • Hasło opisujące typ nośnika
    • Wolumin
    • b
    • Kod typu nośnika
    • nc
    • 2
    • Źródło (terminu i kodu)
    • rdacarrier
504 -Uwaga dot. bibliogr. załącznikowej [ , ]
    • a
    • Uwaga dot. bibliografii załącznikowej
    • Bibliogr. przy rozdz.
080 -Uniwersalna Klasyfikacja Dziesiętna [ , ]
    • a
    • Symbol klasyfikacji
    • 821.162.1(091)
    • 2
    • Identyfikator wydania tablic
    • UDC-P058
    • 9
    • UKD
    • 8014
    • b
    • Dopowiedzenie
    • Literatura polska (historia).
    • 4
    • UKD2
    • 8650
    • x
    • Poddział wspólny
    • "1945/..."
    • c
    • Dopowiedzenie poddz. wspólnego
    • Od 1945.
650 -Hasło przedmiotowe [ ,7]
    • a
    • Hasło przedmiotowe
    • Literatura polska
    • z
    • Określnik geograficzny
    • Polska
    • z
    • Określnik geograficzny
    • Pomorze Zachodnie (region)
    • x
    • Określnik rzeczowy
    • historia i krytyka.
    • 2
    • Źródło terminu
    • kaba
    • 9
    • KHW
    • 376450
650 -Hasło przedmiotowe [ ,7]
    • a
    • Hasło przedmiotowe
    • Pisarze polscy
    • z
    • Określnik geograficzny
    • Polska
    • z
    • Określnik geograficzny
    • Pomorze Zachodnie (region).
    • 2
    • Źródło terminu
    • kaba
    • 9
    • KHW
    • 376449
980 -Symbol UKD [ , ]
    • a
    • UKD
    • 821.162.1(091)"1945/..."
710 -Hasło dodatkowe - nazwa ciała zbiorowego [2, ]
    • a
    • Nazwa ciała zbiorowego lub nazwa geograficzna jako pierwszy element (NP)
    • Książnica Pomorska im. Stanisława Staszica (Szczecin).
    • 4
    • Kod relacji
    • pbl
    • 9
    • KHW
    • 23858
920 -ISBN [ , ]
    • a
    • ISBN
    • 83-87879-25-8 Find
Numer inwentarzowy Sygnatura Status udost. Data inwentaryzacji Lokalizacja
Z.104462Z.10446212005-04-12BG
Q.1450 12019-05-14BM
P.18859 -32003-12-15BM